Villes de France de 5 lettres - Statistiques

Statistiques générales
  • Ce quiz a été pris 402 fois
  • Le résultat moyen est 14 sur 31
Statistiques - réponses
Population Département Ville % Correct
2 100 000 75 Paris
99%
240 000 59 Lille
95%
140 000 29 Brest
82%
160 000 21 Dijon
79%
150 000 30 Nîmes
79%
115 000 76 Rouen
78%
180 000 51 Reims
77%
140 000 37 Tours
77%
105 000 54 Nancy
73%
59 000 79 Niort
54%
47 000 41 Blois
50%
50 000 13 Arles
48%
42 000 77 Melun
48%
43 000 62 Arras
46%
68 000 95 Cergy
45%
50 000 53 Laval
45%
56 000 77 Meaux
39%
24 000 12 Rodez
39%
34 000 71 Mâcon
36%
40 000 59 Douai
32%
26 000 03 Vichy
31%
36 000 60 Creil
28%
31 000 28 Dreux
27%
53 000 93 Bondy
21%
51 000 91 Massy
20%
25 000 31 Muret
18%
26 000 34 Lunel
14%
22 000 77 Torcy
14%
40 000 93 Gagny
8%
27 000 33 Cenon
7%
21 000 59 Croix
6%
Aucun quiz correspondant
Distribution des résultats
% des personnes avec chaque résultat
Percentile par nombre de réponses
Votre historique - résultats
Vous n’avez pas pris ce quiz